000
00321nam a22001217a 4500
008
170814b xxu||||| |||| 00| 0 eng d
041
_a
eng
080
_a
51
100
_a
36
101
_a
MAT
245
_a
HANDBOOK OF MATHEMATICAL FUNCTIONS WITH FORMULAS, GRAPS, AND MATHEMATICAL TABLES
_c
ABRAMOWITZ,M
942
_2
udc
_c
BK
999
_c
23304
_d
23304